Agrammatik: Ubungsgrammatik Deutsch als Fremdsprache, Sprachniveau A1 A2 (Record no. 271)

000 -LEADER
fixed length control field 00701nam a22002177a 4500
003 - CONTROL NUMBER IDENTIFIER
control field OSt
005 - DATE AND TIME OF LATEST TRANSACTION
control field 20210419063253.0
008 - FIXED-LENGTH DATA ELEMENTS--GENERAL INFORMATION
fixed length control field 201117s2014 ||||| |||| 00| 0 ger d
020 ## - INTERNATIONAL STANDARD BOOK NUMBER
International Standard Book Number 9783941323094
040 ## - CATALOGING SOURCE
Original cataloging agency ger
Language of cataloging eng
Transcribing agency DLC
080 ## - UNIVERSAL DECIMAL CLASSIFICATION NUMBER
Universal Decimal Classification number 811.112.2
Item number B-97
100 ## - MAIN ENTRY--PERSONAL NAME
9 (RLIN) 66
Personal name Anne Buscha
245 ## - TITLE STATEMENT
Title Agrammatik: Ubungsgrammatik Deutsch als Fremdsprache, Sprachniveau A1 A2
Remainder of title / by: Schubert Verlag Authors: Anne Buscha, Szilvia Szita
260 ## - PUBLICATION, DISTRIBUTION, ETC.
Date of publication, distribution, etc. 2011
300 ## - PHYSICAL DESCRIPTION
Extent 186 p.
Other physical details 1 CD
650 ## - SUBJECT ADDED ENTRY--TOPICAL TERM
Source of heading or term German Language
653 ## - INDEX TERM--UNCONTROLLED
Uncontrolled term გერმანული ენა
653 ## - INDEX TERM--UNCONTROLLED
Uncontrolled term გერმანული ენის გრამატიკა
700 ## - ADDED ENTRY--PERSONAL NAME
9 (RLIN) 67
Personal name Szita, Szilvia
942 ## - ADDED ENTRY ELEMENTS (KOHA)
Source of classification or shelving scheme
Koha item type Books
Holdings
Withdrawn status Lost status Source of classification or shelving scheme Damaged status Not for loan Permanent location Current location Date acquired Inventory number Total Checkouts Full call number Barcode Date last seen Price effective from Koha item type
          Ken Walker International University Ken Walker International University 11/17/2020 997   811.112.2 B-97 997 11/17/2020 11/17/2020 Books

Powered by Koha